Traffic and transportation plan for the Calcutta metropolitan district, 1966-1986. (Record no. 80524)

MARC details
000 -LEADER
fixed length control field 00887cam a22002291 4500
001 - CONTROL NUMBER
control field sa 68005109
003 - CONTROL NUMBER IDENTIFIER
control field DLC
005 - DATE AND TIME OF LATEST TRANSACTION
control field 20260227112506.0
008 - FIXED-LENGTH DATA ELEMENTS--GENERAL INFORMATION
fixed length control field 711115s1967 ii abe 000 0 eng
010 ## - LIBRARY OF CONGRESS CONTROL NUMBER
LC control number sa 68005109
025 ## - OVERSEAS ACQUISITION NUMBER
Overseas acquisition number PL480:I-E-9504
040 ## - CATALOGING SOURCE
Original cataloging agency DLC
Transcribing agency DLC
Modifying agency DLC
043 ## - GEOGRAPHIC AREA CODE
Geographic area code a-ii---
050 00 - LIBRARY OF CONGRESS CALL NUMBER
Classification number HE365.I44
Item number C38
082 00 - DEWEY DECIMAL CLASSIFICATION NUMBER
Classification number 711/.7/095414
110 1# - MAIN ENTRY--CORPORATE NAME
Corporate name or jurisdiction name as entry element West Bengal.
Subordinate unit Calcutta Metropolitan Planning Organisation.
245 10 - TITLE STATEMENT
Title Traffic and transportation plan for the Calcutta metropolitan district, 1966-1986.
260 ## - PUBLICATION, DISTRIBUTION, ETC.
Place of publication, distribution, etc. [Calcutta]
Name of publisher, distributor, etc. Calcutta Metropolitan Planning Organisation, Development and Planning (T & CP) Dept., Govt. of West Bengal
Date of publication, distribution, etc. [1967]
300 ## - PHYSICAL DESCRIPTION
Extent ix, 178 p.
Other physical details illus., maps (part fold. col.), plans.
Dimensions 25 x 33 cm.
650 #0 - SUBJECT ADDED ENTRY--TOPICAL TERM
Topical term or geographic name entry element Transportation
Geographic subdivision India
-- Kolkata Metropolitan Area.
650 #0 - SUBJECT ADDED ENTRY--TOPICAL TERM
Topical term or geographic name entry element Traffic engineering
Geographic subdivision India
-- Kolkata Metropolitan Area.

No items available.

Powered by Koha